1536 1660 1045 1375 1743 1202 1388 1836 1058 1072 1662 1270 1347 1727 1437 1538 1591 1563 1863 1940 1676 1981 1704 1956 1851 1470 1470 1596 1781 1951 1263 1191 1688 1491 1693 1155 1573 1431 1952 1038 1416 1314 1250 1703 1232 1249 1142 1350 1194 1380 1272 1255 1672 1121 1073 1426 1670 1375 1650 1951 1731 1377 1640 1704 1569 1721 1619 1687 1662 1915 1969 1224 1080 1557 1677 1612 1707 1281 1717 1179 1068 1127 1877 1979 1622 1273 1233 1228 1097 1043 1292 1180 1644 1344 1446 1646 1424 1201 1587 BCNSPRNW ULIB Ver.6.0+V

เปลี่ยนเป็นภาษาไทย

Change to English
 แสดงรายละเอียดบรรณานุกรม
  กลับหน้าหลัก

Brief Record : Get Marc (ISO 2709) : E-mail record : QR code < ปิดหน้าต่าง
LEADER : 00000nam 2200000uu 4500
001    13399128573
003     ULIB
008    230912s2565||||th 000 0 tha d
060    ^aวจ.^bWY160^cธ581ผ
100    ^aธิดาเดือน ดอนจันทร์
245    ^aผลของการใช้โปรแกรมกลุ่มส่งเสริมพฤติกรรมสุขภาพต่อความร่วมมือในการรักษาของผู้ป่วยจิตเภท = The Effect of Using Health Promotion Behavior Group Program on Compliance of Schizophrenic Patients
250    ^aพิมพ์ครั้งที่ 1
260    ^aนครสวรรค์ :^bโรงพยาบาลจิตเวชนครสวรรค์ราชนครินทร์ กรมสุขภาพจิต กระทรวงสาธารณสุข,^c2565
300    ^a100 หน้า;^c30 ซม.
650    ^aโรคจิตเภท
650  0 ^aสุขภาพจิต
945    ^p0^l0^i010322
999    ^aประนอม เกษจรัล
รายการนี้ยังไม่มีแท็ก
คุณยังไม่ได้ล็อกอิน คุณสามารถมีกิจกรรมร่วมกับเว็บไซต์ได้ แต่ต้องล็อกอินก่อน ::
  ล็อกอิน

รายการสื่อสารสนเทศ

ลำดับที่ ประเภท เลขเรียก/บาร์โค้ด สถานที่ สถานะ
1. Book การพยาบาล
Book การพยาบาล
วจ. WY160 ธ581ผ ฉ.1 
  Barcode: 010322
ห้องสมุดวิทยาเขตสวรรค์ประชารักษ์
►หนังสือทั่วไป
บนชั้น

รายการใกล้เคียง
    ผู้แต่ง [ธิดาเดือน ดอนจันทร์]

    หัวเรื่อง [โรคจิตเภท]
    หัวเรื่อง [สุขภาพจิต]

BibComment


ยังไม่เคยถูกคอมเมนท์

คอมเมนท์ทรัพยากรรายการนี้
  คอมเมนท์: ผลของการใช้โปรแก..


 Copyright 2026. Bcnsprnw @Library